[Event "Oberliga Baden 2223"]
[Site "Germany"]
[Date "2022.10.09"]
[Round "2.7"]
[White "Hefner, Felix"]
[Black "Dobrikov, Marco"]
[Result "0-1"]
[WhiteElo "2016"]
[BlackElo "2238"]
[PlyCount "78"]
[EventDate "2022.09.18"]
[EventType "team-tourn"]
[EventRounds "9"]
[EventCountry "GER"]
[SourceTitle "EXT 2024"]
[Source "ChessBase"]
[SourceDate "2023.10.10"]
[SourceVersion "1"]
[SourceVersionDate "2023.10.10"]
[SourceQuality "1"]
[WhiteTeam "Buchen"]
[BlackTeam "Viernheim II"]
[WhiteTeamCountry "GER"]
[BlackTeamCountry "GER"]

1. d4 Nf6 2. c4 g6 3. Nf3 Bg7 4. g3 0-0 5. Bg2 d6 6. Nc3 Nbd7 7. 0-0 c6 8. b3 Re8 9. Bb2 a6 10. a4 a5 11. Qd2 Qb6 12. Qc2 e5 13. e3 Nf8 14. Ba3 exd4 15. exd4 Bf5 16. Qb2 Ne4 17. Rad1 Ne6 18. Ne2 Bg4 19. Qc2 d5 20. c5 Qc7 21. Bc1 b6 22. cxb6 Qxb6 23. Be3 Rab8 24. h3 Bxf3 25. Bxf3 Qxb3 26. Bxe4 dxe4 27. Qxc6 Rec8 28. Qxe4 Qxa4 29. Ra1 Qc4 30. Qf3 a4 31. Rfc1 Qb3 32. Kg2 Rxc1 33. Bxc1 Nxd4 34. Nxd4 Bxd4 35. Ra3 Qc2 36. Bf4 Rb3 37. Qa8+ Kg7 38. Be5+ Bxe5 39. Qxa4 Rxg3+ 0-1

[Event "Chigorin Memorial 27th"]
[Site "St Petersburg"]
[Date "2019.10.09"]
[Round "5"]
[White "Hefner, Felix"]
[Black "Bodnaruk, Anastasia"]
[Result "0-1"]
[WhiteElo "2036"]
[BlackElo "2415"]
[PlyCount "76"]
[EventDate "2019.10.05"]
[EventType "swiss"]
[EventRounds "9"]
[EventCountry "RUS"]
[SourceTitle "EXT 2020"]
[Source "ChessBase"]
[SourceDate "2019.10.17"]
[SourceVersion "1"]
[SourceVersionDate "2019.10.17"]
[SourceQuality "1"]

1. d4 Nf6 2. c4 g6 3. g3 Bg7 4. Bg2 0-0 5. Nf3 d6 6. 0-0 Nc6 7. Nc3 a6 8. Qd3 Bd7 9. d5 Nb4 10. Qd1 a5 11. a3 Na6 12. Re1 e5 13. dxe6 fxe6 14. e4 e5 15. Nd5 Nc5 16. Bg5 a4 17. Rb1 Be6 18. Nd2 Qd7 19. Rf1 b5 20. Be3 Na6 21. cxb5 Qxb5 22. Nc3 Qd7 23. Qxa4 c6 24. f3 Qb7 25. Qa5 Rfb8 26. Nd1 d5 27. Bf2 Nd7 28. Qc3 Nb6 29. Rc1 Rc8 30. Qb3 Rab8 31. Nc3 Qf7 32. Na4 Nxa4 33. Qxa4 Rxb2 34. Rfd1 Qb7 35. Bf1 Nb8 36. Bc5 Bh6 37. Rc2 Nd7 38. Ba6 Nxc5 0-1

[Event "Verbandsliga Nordbaden 1819"]
[Site "Baden"]
[Date "2018.12.02"]
[Round "3.6"]
[White "Hefner, Felix"]
[Black "Fangerau, Andreas"]
[Result "1-0"]
[WhiteElo "2010"]
[BlackElo "1898"]
[PlyCount "87"]
[EventDate "2018.10.14"]
[EventType "team-tourn"]
[EventRounds "9"]
[EventCountry "GER"]
[SourceTitle "EXT 2020"]
[Source "ChessBase"]
[SourceDate "2019.10.17"]
[SourceVersion "1"]
[SourceVersionDate "2019.10.17"]
[SourceQuality "1"]
[WhiteTeam "Buchen II"]
[BlackTeam "Sandhausen"]
[WhiteTeamCountry "GER"]
[BlackTeamCountry "GER"]

1. d4 d5 2. c4 e6 3. Nf3 Nf6 4. g3 c5 5. Bg2 Nc6 6. dxc5 Bxc5 7. 0-0 0-0 8. Qa4 Bd7 9. cxd5 Nxd5 10. Qc4 Qb6 11. Ng5 Nf6 12. Nd2 Ne5 13. Qc2 Rac8 14. Qb3 Qxb3 15. Nxb3 b6 16. Nxc5 Rxc5 17. Ne4 Nxe4 18. Bxe4 Bc6 19. Bxc6 Rxc6 20. Bd2 Rc2 21. Bc3 Nc4 22. Rfc1 Rxc1+ 23. Rxc1 b5 24. b3 Nb6 25. Bd4 Rc8 26. Rxc8+ Nxc8 27. Bc5 f5 28. Kg2 Kf7 29. Kf3 Ne7 30. Bxa7 Nd5 31. Bd4 Ne7 32. a4 bxa4 33. bxa4 Nc6 34. Ke3 e5 35. Bb6 Ke6 36. Kd3 Kd5 37. f3 g6 38. e4+ Kd6 39. Kc4 h5 40. Bc5+ Ke6 41. Kb5 Nd4+ 42. Bxd4 exd4 43. Kc4 Ke5 44. Kd3 1-0

[Event "Verbandsliga Nordbaden 1819"]
[Site "Baden"]
[Date "2018.11.04"]
[Round "2.6"]
[White "Vinke, Andreas"]
[Black "Hefner, Felix"]
[Result "1-0"]
[WhiteElo "2202"]
[BlackElo "2010"]
[PlyCount "91"]
[EventDate "2018.10.14"]
[EventType "team-tourn"]
[EventRounds "9"]
[EventCountry "GER"]
[SourceTitle "EXT 2020"]
[Source "ChessBase"]
[SourceDate "2019.10.17"]
[SourceVersion "1"]
[SourceVersionDate "2019.10.17"]
[SourceQuality "1"]
[WhiteTeam "Karlsruhe"]
[BlackTeam "Buchen II"]
[WhiteTeamCountry "GER"]
[BlackTeamCountry "GER"]

1. c4 c6 2. g3 d5 3. Bg2 dxc4 4. Nf3 Nf6 5. a4 Be6 6. Na3 Qa5 7. Qc2 Qd5 8. 0-0 Nbd7 9. Ne1 Qe5 10. d3 cxd3 11. Nxd3 Qf5 12. Nc4 Bxc4 13. Qxc4 e6 14. Qb3 Rb8 15. Bf4 e5 16. Be3 e4 17. Bxa7 exd3 18. Bxb8 Nxb8 19. Qxb7 Bd6 20. Bxc6+ Nxc6 21. Qxc6+ Qd7 22. Qa8+ Qd8 23. Qc6+ Qd7 24. Qa8+ Qd8 25. Qxd8+ Kxd8 26. Rfd1 Ke7 27. Rxd3 Rb8 28. b3 Bb4 29. Rc1 Rb7 30. Rc4 Ke6 31. Rdd4 Bd6 32. b4 Nd5 33. b5 f5 34. Rc6 g6 35. e3 Rb8 36. f3 Ke5 37. Rxd6 Kxd6 38. e4 fxe4 39. fxe4 Kc5 40. Rxd5+ Kb4 41. Rd4+ Kc5 42. Rd7 Kb4 43. Ra7 Rb6 44. Kf2 Rf6+ 45. Ke3 h5 46. Ra6 1-0

[Event "Split op 7th"]
[Site "Split"]
[Date "2017.08.25"]
[Round "7"]
[White "Berke, Ana"]
[Black "Hefner, Felix"]
[Result "1-0"]
[WhiteElo "2160"]
[BlackElo "1973"]
[PlyCount "60"]
[EventDate "2017.08.20"]
[EventType "swiss"]
[EventRounds "9"]
[EventCountry "CRO"]
[SourceTitle "CBM 180 Extra"]
[Source "ChessBase"]
[SourceDate "2017.10.06"]
[SourceVersion "1"]
[SourceVersionDate "2017.10.06"]
[SourceQuality "1"]

1. e4 d6 2. d4 Nf6 3. Nc3 e5 4. Nf3 Nbd7 5. Bc4 Be7 6. 0-0 0-0 7. a4 c6 8. Re1 b6 9. h3 Bb7 10. Be3 Qc7 11. Ba2 a6 12. Qd3 b5 13. axb5 axb5 14. b4 d5 15. dxe5 dxe4 16. Nxe4 Nxe5 17. Nxe5 Qxe5 18. Bd4 Qf4 19. Ng5 Rad8 20. Rxe7 Rxd4 21. Qe3 Qxe3 22. fxe3 Rd7 23. Rxd7 Nxd7 24. Bxf7+ Kh8 25. Ra7 Bc8 26. Be6 Ne5 27. Ra8 h6 28. Ne4 Nc4 29. Rxc8 Rxc8 30. Bxc8 Nxe3 1-0

[Event "Chigorin Memorial 22nd"]
[Site "St Petersburg"]
[Date "2014.10.20"]
[Round "3"]
[White "Zvereva, Svetlana"]
[Black "Hefner, Felix"]
[Result "0-1"]
[WhiteElo "1657"]
[BlackElo "1938"]
[PlyCount "52"]
[EventDate "2014.10.18"]
[EventType "swiss"]
[EventRounds "9"]
[EventCountry "RUS"]
[SourceTitle "EXT 2015"]
[Source "ChessBase"]
[SourceDate "2014.11.20"]
[SourceVersion "1"]
[SourceVersionDate "2014.11.20"]
[SourceQuality "1"]

1. e4 e6 2. d4 d5 3. e5 c5 4. dxc5 Nc6 5. Nf3 Bxc5 6. Bd3 f6 7. exf6 Nxf6 8. 0-0 0-0 9. a3 e5 10. Be2 Ng4 11. h3 Nxf2 12. Rxf2 e4 13. Nc3 exf3 14. Bxf3 Bxf2+ 15. Kxf2 d4 16. Ne2 Ne5 17. Qxd4 Nxf3 18. Qxd8 Rxd8 19. Kxf3 Rd1 20. b4 Be6 21. Bb2 Bd5+ 22. Kg3 Rxa1 23. Bxa1 Rc8 24. Bd4 Rxc2 25. Kf2 Bc4 26. Ke3 Rxe2+ 0-1

[Event "Feffernitz Raika op 23rd"]
[Site "Feffernitz"]
[Date "2014.08.17"]
[Round "2"]
[White "Jandke, Manfred"]
[Black "Hefner, Felix"]
[Result "1/2-1/2"]
[WhiteElo "2067"]
[BlackElo "1956"]
[PlyCount "87"]
[EventDate "2014.08.16"]
[EventType "swiss"]
[EventRounds "9"]
[EventCountry "AUT"]
[SourceTitle "CBM 161 Extra"]
[Source "ChessBase"]
[SourceDate "2014.08.29"]
[SourceVersion "1"]
[SourceVersionDate "2014.08.29"]
[SourceQuality "1"]

1. c4 d6 2. g3 g6 3. Bg2 Bg7 4. Nf3 f5 5. d4 Nf6 6. 0-0 0-0 7. Nc3 Qe8 8. b4 Ne4 9. Nd5 Na6 10. b5 c6 11. bxa6 cxd5 12. axb7 Bxb7 13. Qb3 Ba6 14. cxd5 Bxe2 15. Re1 Qb5 16. Be3 Rfc8 17. Rac1 a6 18. Ng5 Bc4 19. Qxb5 axb5 20. Nxe4 fxe4 21. Bxe4 Rxa2 22. Ra1 Rca8 23. Rxa2 Rxa2 24. Rb1 Bf6 25. h4 Kg7 26. Kg2 h6 27. Kh3 g5 28. Bf5 Ra5 29. Be6 Ra4 30. Bd7 Ra8 31. Bc6 Rb8 32. Rb4 Rb6 33. Bd7 Bxd5 34. hxg5 Bxg5 35. f4 Bf6 36. Rxb5 Rxb5 37. Bxb5 Be6+ 38. Kg2 Kg6 39. Bc6 Bc4 40. Be4+ Kf7 41. d5 Ke8 42. Bf3 h5 43. Be4 Kd7 44. Bb6 1/2-1/2

[Event "Feffernitz Raika op 22nd"]
[Site "Feffernitz"]
[Date "2013.08.25"]
[Round "9"]
[White "Hefner, Felix"]
[Black "Eisenbeiser, Amadeus"]
[Result "0-1"]
[WhiteElo "1923"]
[BlackElo "2336"]
[PlyCount "93"]
[EventDate "2013.08.18"]
[EventType "swiss"]
[EventRounds "9"]
[EventCountry "AUT"]
[SourceTitle "CBM 156 Extra"]
[Source "ChessBase"]
[SourceDate "2013.10.22"]
[SourceVersion "1"]
[SourceVersionDate "2013.10.22"]
[SourceQuality "1"]

1. d4 Nf6 2. c4 c5 3. d5 g6 4. Nc3 d6 5. e4 Bg7 6. h3 0-0 7. Bd3 e6 8. Nf3 exd5 9. cxd5 b5 10. Bxb5 Nxe4 11. Nxe4 Qa5+ 12. Nc3 Bxc3+ 13. bxc3 Qxb5 14. Qe2 Qa4 15. 0-0 Ba6 16. Qd1 Qc4 17. Bh6 Re8 18. Re1 Nd7 19. Qd2 Nb6 20. Rxe8+ Rxe8 21. Re1 Rxe1+ 22. Qxe1 Qe2 23. Bf4 Qxe1+ 24. Nxe1 Nc8 25. Nc2 Bc4 26. a3 Bxd5 27. Ne3 Be6 28. Kf1 Kf8 29. Ke2 Ke7 30. Kd3 Kd7 31. Nf1 Kc6 32. Ne3 d5 33. Be5 Kb5 34. Kc2 Ka4 35. Kb2 Nb6 36. Bb8 d4 37. cxd4 cxd4 38. Nc2 Nc4+ 39. Kc1 Bd5 40. g3 d3 41. Ne3 d2+ 42. Kc2 Be4+ 43. Kd1 Bf3+ 44. Kc2 Nxe3+ 45. Kxd2 Nc4+ 46. Kd3 Nxa3 47. Bxa7 0-1

[Event "Vlissingen HZ op 16th"]
[Site "Vlissingen"]
[Date "2012.08.08"]
[Round "6"]
[White "Beeke, Bobby"]
[Black "Hefner, Felix"]
[Result "1-0"]
[WhiteElo "2253"]
[BlackElo "1847"]
[PlyCount "63"]
[EventDate "2012.08.04"]
[EventType "swiss"]
[EventRounds "9"]
[EventCountry "NED"]
[SourceTitle "CBM 149 Extra"]
[Source "ChessBase"]
[SourceDate "2012.08.24"]
[SourceVersion "1"]
[SourceVersionDate "2012.08.24"]
[SourceQuality "1"]

1. Nf3 Nf6 2. c4 e6 3. Nc3 Bb4 4. Qc2 d5 5. a3 Bxc3 6. bxc3 0-0 7. e3 c5 8. Be2 Nc6 9. d4 Re8 10. 0-0 e5 11. cxd5 Nxd5 12. dxe5 Nb6 13. Rd1 Qe7 14. c4 Nxe5 15. Nxe5 Qxe5 16. Bb2 Qg5 17. a4 Bg4 18. a5 Nd7 19. Rd5 Qh4 20. Rad1 Bxe2 21. Qxe2 Nf6 22. g3 Qh3 23. Bxf6 gxf6 24. Rxc5 Rad8 25. Rh5 Rxd1+ 26. Qxd1 Qe6 27. Qd4 Qe4 28. Rd5 Qb1+ 29. Kg2 Re4 30. Qxf6 Re8 31. Rg5+ Kf8 32. Qh8+ 1-0

[Event "Vlissingen HZ op 16th"]
[Site "Vlissingen"]
[Date "2012.08.06"]
[Round "4"]
[White "Hefner, Felix"]
[Black "Willemsma, Abe"]
[Result "1/2-1/2"]
[WhiteElo "1847"]
[BlackElo "2109"]
[PlyCount "95"]
[EventDate "2012.08.04"]
[EventType "swiss"]
[EventRounds "9"]
[EventCountry "NED"]
[SourceTitle "CBM 149 Extra"]
[Source "ChessBase"]
[SourceDate "2012.08.24"]
[SourceVersion "1"]
[SourceVersionDate "2012.08.24"]
[SourceQuality "1"]

1. e4 c5 2. Nf3 Nc6 3. d4 cxd4 4. Nxd4 g6 5. c4 Bg7 6. Be3 Nf6 7. Nc3 d6 8. Be2 0-0 9. 0-0 Bd7 10. f3 a5 11. b3 Nxd4 12. Bxd4 Bc6 13. Qd2 Nd7 14. Be3 Nc5 15. Rab1 Qb6 16. Rfc1 Rfc8 17. Kh1 h5 18. Bg5 Qd8 19. Nd5 Bxd5 20. exd5 Qf8 21. Qe3 Re8 22. Rf1 e5 23. Bd1 Kh7 24. Bc2 Bh6 25. h4 f5 26. a3 f4 27. Qe1 Bxg5 28. hxg5 Qe7 29. Qh4 Kg7 30. g3 Rf8 31. Rbe1 Qd7 32. Kg2 b5 33. Rh1 bxc4 34. Bxg6 Rh8 35. Bb1 Nd3 36. Bxd3 cxd3 37. gxf4 Rac8 38. fxe5 Rc2+ 39. Kg3 dxe5 40. Qe4 h4+ 41. Rxh4 Rxh4 42. Qxh4 Qa7 43. Qh6+ Kg8 44. Qg6+ Kf8 45. Qf6+ Kg8 46. Qxe5 Qf2+ 47. Kg4 Re2 48. Qb8+ 1/2-1/2

[Event "Vellmar op-A 4th"]
[Site "Vellmar"]
[Date "2012.07.29"]
[Round "7"]
[White "Schirra, Maurice"]
[Black "Hefner, Felix"]
[Result "0-1"]
[WhiteElo "1617"]
[BlackElo "1847"]
[PlyCount "120"]
[EventDate "2012.07.26"]
[EventType "swiss"]
[EventRounds "7"]
[EventCountry "GER"]
[SourceTitle "EXT 2014"]
[Source "ChessBase"]
[SourceDate "2013.11.20"]
[SourceVersion "1"]
[SourceVersionDate "2013.11.20"]
[SourceQuality "1"]

1. e4 e5 2. Nf3 d6 3. d4 Nd7 4. Nc3 Ngf6 5. Bg5 Be7 6. Bc4 exd4 7. Qxd4 Nb6 8. Bb3 0-0 9. 0-0 Re8 10. Rad1 c5 11. Qd3 Qc7 12. Bd5 h6 13. Bf4 Nbxd5 14. Nxd5 Nxd5 15. Qxd5 Be6 16. Qd3 Rad8 17. c4 Qa5 18. b3 Qa6 19. Rd2 b5 20. Qc2 Rd7 21. Rfd1 Qb6 22. Bg3 Qc6 23. h3 Red8 24. Nh2 Rb7 25. Nf1 bxc4 26. bxc4 Rb4 27. Ne3 Qa4 28. Bxd6 Rxd6 29. Rxd6 Bxd6 30. Rxd6 Qxc2 31. Nxc2 Rxc4 32. Ne3 Ra4 33. Rc6 Rxa2 34. Rxc5 a5 35. Rc7 a4 36. Ra7 a3 37. f3 Ra1+ 38. Kh2 a2 39. Nd5 g5 40. Ra6 Kg7 41. Nc3 Bc4 42. Ra4 h5 43. g3 Rc1 44. Nxa2 Rc2+ 45. Kg1 Bxa2 46. f4 gxf4 47. gxf4 Be6 48. h4 Rc4 49. Rxc4 Bxc4 50. Kf2 Bb5 51. Ke3 Bc6 52. f5 Kf6 53. Kf4 Ba4 54. e5+ Ke7 55. Kg5 Bd1 56. Kh6 Bg4 57. Kg5 f6+ 58. exf6+ Kf7 59. Kf4 Kxf6 60. Ke4 Bxf5+ 0-1

[Event "Baden-ch U20"]
[Site "Karlsruhe Durlach"]
[Date "2012.01.05"]
[Round "7"]
[White "Sisman, Erim"]
[Black "Hefner, Felix"]
[Result "0-1"]
[WhiteElo "1324"]
[BlackElo "1797"]
[PlyCount "72"]
[EventDate "2012.01.02"]
[EventType "swiss"]
[EventRounds "7"]
[EventCountry "GER"]
[SourceTitle "EXT 2015"]
[Source "ChessBase"]
[SourceDate "2014.11.20"]
[SourceVersion "1"]
[SourceVersionDate "2014.11.20"]
[SourceQuality "1"]

1. e4 e5 2. Nf3 Nf6 3. Nc3 Bb4 4. Bc4 d6 5. d3 c6 6. Bg5 Be6 7. 0-0 Bxc4 8. dxc4 Nbd7 9. Ne2 h6 10. Bxf6 Nxf6 11. Ng3 0-0 12. a3 Bc5 13. b4 Bb6 14. Qe2 a5 15. Rad1 Qc7 16. Nf5 Rad8 17. Rd2 g6 18. Ng3 Qe7 19. Nh4 Nh7 20. Qg4 Kh8 21. Kh1 h5 22. Qh3 Ng5 23. Nhf5 Nxh3 24. Nxe7 Nf4 25. Nef5 gxf5 26. Nxf5 Bc7 27. g3 Ne6 28. f4 Ng7 29. Ne3 exf4 30. gxf4 Rde8 31. bxa5 Rxe4 32. Rf3 Rfe8 33. Ng2 Rxc4 34. f5 Bxa5 35. Rxd6 Rxc2 36. Rh6+ Kg8 0-1

[Event "Baden-ch U20"]
[Site "Karlsruhe Durlach"]
[Date "2012.01.04"]
[Round "5"]
[White "Hefner, Felix"]
[Black "Haag, Gregor"]
[Result "0-1"]
[WhiteElo "1797"]
[BlackElo "2148"]
[PlyCount "42"]
[EventDate "2012.01.02"]
[EventType "swiss"]
[EventRounds "7"]
[EventCountry "GER"]
[SourceTitle "EXT 2015"]
[Source "ChessBase"]
[SourceDate "2014.11.20"]
[SourceVersion "1"]
[SourceVersionDate "2014.11.20"]
[SourceQuality "1"]

1. e4 e5 2. Nf3 Nf6 3. Nxe5 d6 4. Nf3 Nxe4 5. d4 d5 6. Bd3 Bd6 7. c4 0-0 8. 0-0 c6 9. Nc3 Nxc3 10. bxc3 dxc4 11. Bxc4 Bg4 12. h3 Bh5 13. Rb1 b5 14. Bd3 Nd7 15. Qc2 Bxf3 16. Bxh7+ Kh8 17. gxf3 g6 18. Bxg6 fxg6 19. Qe4 Qf6 20. f4 Rac8 21. c4 Qf5 0-1

[Event "Baden-ch U20"]
[Site "Karlsruhe Durlach"]
[Date "2012.01.03"]
[Round "3"]
[White "Walther, Jochen"]
[Black "Hefner, Felix"]
[Result "1-0"]
[WhiteElo "1791"]
[BlackElo "1797"]
[PlyCount "117"]
[EventDate "2012.01.02"]
[EventType "swiss"]
[EventRounds "7"]
[EventCountry "GER"]
[SourceTitle "EXT 2015"]
[Source "ChessBase"]
[SourceDate "2014.11.20"]
[SourceVersion "1"]
[SourceVersionDate "2014.11.20"]
[SourceQuality "1"]

1. e4 e5 2. d4 exd4 3. Qxd4 Nc6 4. Qe3 d6 5. Nc3 Be7 6. Bd2 Nf6 7. 0-0-0 Be6 8. h3 d5 9. exd5 Nxd5 10. Qg3 Bf6 11. Ne4 Qe7 12. Nf3 h6 13. Bc4 0-0-0 14. Rhe1 Ndb4 15. Nxf6 Qxf6 16. Bxe6+ fxe6 17. a3 Nd5 18. Qg4 Rde8 19. Be3 Nxe3 20. Rxe3 Kb8 21. Rd7 g5 22. Qc4 Qf4 23. Qc3 Kc8 24. Qg7 Rhg8 25. Qf7 Qxf7 26. Rxf7 Rh8 27. Kd2 e5 28. Re4 Re6 29. g4 Rhe8 30. h4 gxh4 31. Nxh4 R8e7 32. Rf5 Nd4 33. Rh5 Kd7 34. f4 Nc6 35. Nf5 exf4 36. Rxf4 Rf7 37. Rf1 Ne5 38. Rf4 Ref6 39. Rd4+ Kc8 40. Nxh6 Nf3+ 41. Kd3 Nxd4 42. Nxf7 Nxc2 43. Ne5 Ne1+ 44. Kd2 Kd8 45. Kxe1 Re6 46. Kf2 Ke7 47. Kf3 Rb6 48. Nc4 Rc6 49. Rh7+ Kd8 50. b3 b5 51. Nd2 Rc3+ 52. Ke4 Rg3 53. Kf5 Rd3 54. Rh2 a5 55. g5 Ke7 56. Kg6 Kf8 57. Kh7 Rd7+ 58. Kh8 c5 59. g6 1-0

[Event "GER-ch U25"]
[Site "Oberhof"]
[Date "2010.05.29"]
[Round "9"]
[White "Mainik, Philipp"]
[Black "Hefner, Felix"]
[Result "0-1"]
[WhiteElo "1716"]
[BlackElo "1597"]
[PlyCount "96"]
[EventDate "2010.05.22"]
[EventType "swiss"]
[EventRounds "9"]
[EventCountry "GER"]
[SourceTitle "CBM 136 Extra"]
[Source "ChessBase"]
[SourceDate "2010.07.02"]
[SourceVersion "2"]
[SourceVersionDate "2010.07.15"]
[SourceQuality "1"]

1. e4 e5 2. Nc3 Nf6 3. g3 d6 4. Bg2 Nbd7 5. Nge2 Be7 6. d3 0-0 7. f4 c6 8. Be3 b5 9. a3 Bb7 10. h3 a6 11. d4 exd4 12. Nxd4 c5 13. Nf5 Nb6 14. 0-0 Nc4 15. Bc1 Re8 16. b3 Nb6 17. Re1 Bf8 18. Qd3 g6 19. Nh4 Rb8 20. Bb2 Bg7 21. Rad1 Nh5 22. Qxd6 Bd4+ 23. Rxd4 cxd4 24. Qxd8 Rbxd8 25. Ne2 d3 26. cxd3 Rxd3 27. g4 Ng7 28. Nd4 Ne6 29. Nxe6 Rxe6 30. f5 gxf5 31. Nxf5 Rxb3 32. Rd1 Re8 33. Be5 h5 34. Bc7 Nc4 35. Rd7 Bc8 36. Ne7+ Kf8 37. Nxc8 Rxc8 38. e5 hxg4 39. hxg4 Rb1+ 40. Kh2 Rb2 41. Kg1 Rd2 42. Bd6+ Nxd6 43. exd6 Rc1+ 44. Bf1 Rdd1 45. Rd8+ Kg7 46. d7 Rxf1+ 47. Kg2 Rfd1 48. Rc8 Rd2+ 0-1